Geography Quiz

Random Geography or World Quiz

Sweetest Smelling Countries Quiz Stats

 Plays Quiz Updated Jun 7, 2012

Also try: State Flowers
Challenge
Share
Tweet
Embed
Score 0/24 Timer 03:00
3 Plays Today
Rank Countries % Correct
7.United States
96.3%
15.France
92.4%
20.China
89.8%
12.Germany
87.1%
11.Spain
87%
20.Mexico
86.9%
13.Canada
84.8%
15.United Kingdom
84.5%
5.Italy
84.4%
1.Netherlands
81.2%
14.India
73.4%
8.Belgium
66.9%
Rank Countries % Correct
9.Denmark
56.7%
19.South Africa
54.9%
21.Turkey
49.4%
22.New Zealand
42.4%
2.Colombia
38.6%
17.South Korea
36.6%
3.Ecuador
25.4%
6.Israel
25.4%
18.Malaysia
23.6%
10.Costa Rica
21.4%
4.Kenya
21%
23.Singapore
10.4%

You're not logged in!

Compare scores with friends on all Sporcle quizzes.
Join for Free
OR
Log In

You Might Also Like...

Show Comments

Extras

Top Quizzes Today


Score Distribution

Your Account Isn't Verified!

In order to create a playlist on Sporcle, you need to verify the email address you used during registration. Go to your Sporcle Settings to finish the process.

Report this User

Report this user for behavior that violates our Community Guidelines.

Details: